ბათუმის შოთა რუსთაველის სახელმწიფო უნივერსიტეტის ბიბლიოთეკა

ვაიმე, ჩემო ვენახო (ბიბ.ჩანაწერი № 48971)

000 -LEADER
fixed length control field 00849nam a2200229Ia 4500
001 - CONTROL NUMBER
control field 15875
003 - CONTROL NUMBER IDENTIFIER
control field GE_BSU
008 - FIXED-LENGTH DATA ELEMENTS--GENERAL INFORMATION
fixed length control field 181216s||||||||xx |||||||||||||| ||und||
040 ## - CATALOGING SOURCE
Transcribing agency GE_BSU
080 ## - UNIVERSAL DECIMAL CLASSIFICATION NUMBER
Universal Decimal Classification number 821.353.1-32
100 ## - MAIN ENTRY--PERSONAL NAME
Personal name ჭეიშვილი, რეზო
245 ## - TITLE STATEMENT
Title ვაიმე, ჩემო ვენახო
245 ## - TITLE STATEMENT
Remainder of title მოთხრობები
260 ## - PUBLICATION, DISTRIBUTION, ETC.
Place of publication, distribution, etc. თბილისი
260 ## - PUBLICATION, DISTRIBUTION, ETC.
Name of publisher, distributor, etc. მერანი
260 ## - PUBLICATION, DISTRIBUTION, ETC.
Date of publication, distribution, etc. 1987
300 ## - PHYSICAL DESCRIPTION
Extent 527გვ. ; 20სმ
653 ## - INDEX TERM--UNCONTROLLED
Uncontrolled term ვაიმე, ჩემო ვენახო
653 ## - INDEX TERM--UNCONTROLLED
Uncontrolled term ვაიმე, ჩემო ვენახო; მეოთხე სიმფონია; კვამლი; ჭა; კომპოზიტორი ჩირიბერიძე და სხვ.
653 ## - INDEX TERM--UNCONTROLLED
Uncontrolled term მოთხრობები
942 ## - ADDED ENTRY ELEMENTS (KOHA)
Koha item type წიგნი
ეგზემპლარები
Withdrawn status Lost status Damaged status Not for loan Date acquired Barcode Date last seen Price effective from Koha item type
        2018-12-17 39182 2018-12-17 2018-12-17 წიგნი
        2018-12-17 39183 2018-12-17 2018-12-17 წიგნი
        2018-12-17 39184 2018-12-17 2018-12-17 წიგნი
        2018-12-17 39185 2018-12-17 2018-12-17 წიგნი